000 00720nam a22001817a 4500
003 IT-MiCISF
005 20250717114547.0
008 250717b |||||||| |||| 00| 0 eng d
040 _cIT-MiCISF
100 _aGubert Renzo
_960175
245 _aLa differenziazione territoriale di valori tra regionalità, nazionalità e sovranazionalità.
_bI casi delle aree culturali italiana e tedesca in Europa nei primi anni Duemila
260 _aBerlin,
_bDuncker & Humblot,
_c2018
300 _app. 390
500 _asocietà, cultura, valori, politica, religione, etica, famiglia, lavoro, devianza, rapporti-sociali, nuovi-media, comparazione, sociologia
650 _aSocietà
654 _astudio
942 _2ddc
_cBK
999 _c360586
_d360586